| 000 | 01179cam a2200301 a 4500 | ||
|---|---|---|---|
| 001 | 204121 | ||
| 003 | GBCCL | ||
| 005 | 20241126110335.0 | ||
| 008 | 990521s1999 flua b 000 0 eng | ||
| 010 | _a 99063841 | ||
| 020 | _a1890683078 | ||
| 035 | _a(DLC) 99063841 | ||
| 040 |
_aDLC _cDLC _dDLC |
||
| 043 | _an-usu-- | ||
| 082 | 0 | 0 |
_a284.1322 _221 _bZIE |
| 100 | 1 |
_aZiehr, Richard O. _9279 |
|
| 245 | 1 | 4 |
_aThe struggle for unity : _ba personal look at the integration of Lutheran churches in the South / _cby Richard O. Ziehr. |
| 260 |
_aMilton, Fla. : _bCJH Enterprises, _c[1999?] |
||
| 300 |
_avii, 235 p. : _bill. ; _c23 cm. |
||
| 504 | _aIncludes bibliographical references (p. 218-235). | ||
| 610 | 2 | 0 |
_aLutheran Church--Missouri Synod. _bSouthern District _xHistory. _9280 |
| 650 | 0 |
_aRace relations _xReligious aspects _xLutheran Church _vCase studies. _9281 |
|
| 651 | 0 |
_aSouthern States _xRace relations _vCase studies. _9282 |
|
| 651 | 0 |
_aSouthern States _xChurch history. _9283 |
|
| 906 |
_a7 _bcbc _corignew _d2 _eopcn _f19 _gy-gencatlg |
||
| 942 |
_2ddc _cBK |
||
| 999 |
_c308 _d308 |
||